[Event "GER-ch U25-B"]
[Site "Willingen"]
[Date "2016.05.20"]
[Round "8"]
[White "Caliebe, Nanke"]
[Black "Zeng, Xiaoyang Alex"]
[Result "1/2-1/2"]
[WhiteElo "1469"]
[BlackElo "1357"]
[PlyCount "76"]
[EventDate "2016.05.15"]
[EventType "swiss"]
[EventRounds "9"]
[EventCountry "GER"]
[SourceTitle "CBM 172 Extra"]
[Source "ChessBase"]
[SourceDate "2016.06.21"]
[SourceVersion "1"]
[SourceVersionDate "2016.06.21"]
[SourceQuality "1"]

1. d4 g6 2. Nf3 Bg7 3. Bf4 d6 4. h3 Nd7 5. e3 e5 6. dxe5 dxe5 7. Bh2 e4 8. Nd4 a6 9. c3 Ngf6 10. Bc4 0-0 11. Nd2 c5 12. Ne2 b5 13. Bb3 c4 14. Bc2 Nc5 15. 0-0 Nd3 16. b3 Re8 17. bxc4 Nb2 18. Qc1 Nxc4 19. Nxc4 bxc4 20. Rd1 Qb6 21. Rd4 Qc6 22. Qd1 Qe6 23. Ba4 Rf8 24. Nf4 Qf5 25. Rxc4 Be6 26. Nxe6 Qxe6 27. Rc6 Qd5 28. Rd6 Qa5 29. c4 Rfd8 30. Rxd8+ Rxd8 31. Qb3 Ng4 32. Rd1 Rxd1+ 33. Qxd1 Nxh2 34. Kxh2 Qc7+ 35. g3 Qxc4 36. Qd8+ Bf8 37. Bb3 Qc6 38. Qd5 Qf6 1/2-1/2

[Event "GER-ch U25-B"]
[Site "Willingen"]
[Date "2016.05.19"]
[Round "7"]
[White "Zeng, Xiaoyang Alex"]
[Black "Arnold, Alexandria"]
[Result "1-0"]
[WhiteElo "1357"]
[BlackElo "1047"]
[PlyCount "77"]
[EventDate "2016.05.15"]
[EventType "swiss"]
[EventRounds "9"]
[EventCountry "GER"]
[SourceTitle "CBM 172 Extra"]
[Source "ChessBase"]
[SourceDate "2016.06.21"]
[SourceVersion "1"]
[SourceVersionDate "2016.06.21"]
[SourceQuality "1"]

1. d4 Nf6 2. c4 e5 3. e3 exd4 4. exd4 d5 5. Nc3 Nc6 6. Nf3 Bg4 7. Be2 Bxf3 8. Bxf3 dxc4 9. Qa4 Qd7 10. Be3 Be7 11. 0-0 0-0 12. Qxc4 Na5 13. Qd3 Rab8 14. Rac1 a6 15. a3 Rfd8 16. d5 b5 17. Bf4 Nb3 18. Rc2 Rbc8 19. Ne4 Nxd5 20. Bxc7 Rxc7 21. Rxc7 Qxc7 22. Qxb3 Nf6 23. Re1 Nxe4 24. Bxe4 Qa5 25. Kf1 Rd2 26. Bxh7+ Kf8 27. Bg8 Kxg8 28. Rxe7 Kh7 29. Qh3+ Kg6 30. Qg4+ Kf6 31. Re1 g5 32. Qf3+ Kg6 33. Qe4+ Kh6 34. h4 Qb6 35. hxg5+ Kxg5 36. Qe5+ Kg6 37. Qg3+ Kh7 38. Qh3+ Kg7 39. Qc3+ 1-0

[Event "GER-ch U25-B"]
[Site "Willingen"]
[Date "2016.05.18"]
[Round "6"]
[White "Goetz, Timon"]
[Black "Zeng, Xiaoyang Alex"]
[Result "1/2-1/2"]
[WhiteElo "1268"]
[BlackElo "1357"]
[PlyCount "143"]
[EventDate "2016.05.15"]
[EventType "swiss"]
[EventRounds "9"]
[EventCountry "GER"]
[SourceTitle "CBM 172 Extra"]
[Source "ChessBase"]
[SourceDate "2016.06.21"]
[SourceVersion "1"]
[SourceVersionDate "2016.06.21"]
[SourceQuality "1"]

1. c4 Nf6 2. Nc3 g6 3. g3 Bg7 4. Bg2 d6 5. d4 0-0 6. Nf3 Bf5 7. h3 c5 8. 0-0 Ne4 9. Nd5 Be6 10. Ne3 cxd4 11. Nxd4 d5 12. b3 Nc6 13. Bb2 Bxd4 14. Bxd4 dxc4 15. Bxe4 Qxd4 16. Bxc6 Qxd1 17. Rfxd1 bxc6 18. Nxc4 Bxh3 19. Ne5 Bc8 20. Nxc6 e6 21. Rac1 Ba6 22. Rd2 Kg7 23. Ne5 Rfd8 24. Rxd8 Rxd8 25. e3 Kf6 26. f4 Rb8 27. Rc7 Rb7 28. Rc6 Bb5 29. Rc5 Ke7 30. Nf3 Bd3 31. Rc3 Be4 32. Ng5 Bb1 33. a3 Ba2 34. b4 h6 35. Nf3 Bd5 36. Ne5 g5 37. Ng4 gxf4 38. exf4 h5 39. Ne5 f6 40. Nd3 Kd6 41. Kh2 e5 42. fxe5+ fxe5 43. Kh3 Be6+ 44. Kh4 Rg7 45. Nf2 Bg4 46. Ne4+ Kd5 47. Nf6+ Kd4 48. Rc5 e4 49. Rd5+ Kc4 50. Rc5+ Kd3 51. Rd5+ Ke3 52. Re5 Bf3 53. a4 Kd3 54. Rd5+ Ke2 55. Nxh5 Bxh5 56. Rxh5 e3 57. g4 Kf2 58. Rf5+ Ke1 59. Kg3 Re7 60. Rd5 e2 61. Kg2 Re4 62. Kg3 Rxb4 63. a5 Kf1 64. Rh5 Rb3+ 65. Kf4 e1Q 66. Rh1+ Ke2 67. Rxe1+ Kxe1 68. g5 Kd2 69. g6 Kc3 70. a6 Kb4 71. g7 Rb1 72. g8Q 1/2-1/2